Highest Internet Penetration Quiz Stats

 Plays Quiz Updated Jan 10, 2019

Challenge
Share
Tweet
Embed
Score 0/40 Timer 08:00
3 Plays Today
Penetration Rate Country % Correct
84.2%United States
99.3%
90.9%Canada
93.7%
89.8%United Kingdom
93.5%
86.2%Japan
92.2%
83.3%France
92.1%
86.2%Germany
91.7%
74.8%Spain
88.5%
94.8%Sweden
86.2%
95.0%Norway
83.3%
86.9%Australia
83%
91.5%Finland
81.8%
94.6%Denmark
78.6%
84.8%South Korea
76.1%
78.3%Ireland
75.9%
86.7%Switzerland
75.6%
86.6%New Zealand
72%
94.0%Netherlands
71.9%
96.5%Iceland
71.4%
80.6%Austria
70.7%
82.2%Belgium
69.3%
Penetration Rate Country % Correct
75.0%Argentina
63.4%
93.8%Luxembourg
62.2%
75.2%Latvia
56.1%
90.9%Monaco
55.4%
80.0%Estonia
54%
79.0%Slovakia
53%
94.0%Andorra
52.1%
93.8%Liechtenstein
51.5%
88.0%United Arab Emirates
46.4%
80.0%Taiwan
44.7%
74.1%Czechia
43%
75.5%Kuwait
34.7%
85.3%Qatar
34%
90.0%Bahrain
27%
75.0%Barbados
21.7%
80.0%Saint Kitts and Nevis
21%
75.4%Brunei
19%
76.6%Kosovo
18.2%
87.5%Saint Lucia
17.7%
81.1%Antigua and Barbuda
16%

You're not logged in!

Compare scores with friends on all Sporcle quizzes.
OR
Log In

You Might Also Like...

Show Comments

Extras

Top Quizzes Today


Score Distribution

Your Account Isn't Verified!

In order to create a playlist on Sporcle, you need to verify the email address you used during registration. Go to your Sporcle Settings to finish the process.

Report this User

Report this user for behavior that violates our Community Guidelines.

Details: